Wu mao qian de yuanwang = The wish giver / (Record no. 178617)

MARC details
000 -LEADER
fixed length control field 01521nam a2200397 ia4500
003 - CONTROL NUMBER IDENTIFIER
control field OSt
005 - DATE AND TIME OF LATEST TRANSACTION
control field 20201125111943.0
008 - FIXED-LENGTH DATA ELEMENTS--GENERAL INFORMATION
fixed length control field 200813t20152015cc ac j 000 1 chi d
020 ## - INTERNATIONAL STANDARD BOOK NUMBER
Terms of availability RM398.00
Qualifying information set
International Standard Book Number 9787530762837
Terms of availability RM19.90
Qualifying information paperback
040 ## - CATALOGING SOURCE
Original cataloging agency PPAK
Language of cataloging eng
Transcribing agency PPAK
Description conventions rda
041 1# - LANGUAGE CODE
Language code of text/sound track or separate title chi
Language code of original eng
082 04 - DEWEY DECIMAL CLASSIFICATION NUMBER
Edition number 23
Classification number 813.54
090 00 - LOCALLY ASSIGNED LC-TYPE CALL NUMBER (OCLC); LOCAL CALL NUMBER (RLIN)
Classification number (OCLC) (R) ; Classification number, CALL (RLIN) (NR) 813.54
Feature heading BRI
Feature heading K
100 1# - MAIN ENTRY--PERSONAL NAME
Linkage 880-01
Personal name Brittain, Bill,
Dates associated with a name 1930-
Relator term author.
245 10 - TITLE STATEMENT
Linkage 880-02
Title Wu mao qian de yuanwang = The wish giver /
Statement of responsibility, etc. Bi'er Bulitan zhu ; Andelu Gelasi hui ; Sui Rongyi yi ; Duan Lixin gai bian.
246 3# - VARYING FORM OF TITLE
Display text Translation of:
Title proper/short title Wish giver
250 ## - EDITION STATEMENT
Edition statement Di 1 ban.
264 #1 - PRODUCTION, PUBLICATION, DISTRIBUTION, MANUFACTURE, AND COPYRIGHT NOTICE
Place of production, publication, distribution, manufacture Tianjin Shi :
Name of producer, publisher, distributor, manufacturer Xin lei chu ban she,
Date of production, publication, distribution, manufacture, or copyright notice 2015
Date of production, publication, distribution, manufacture, or copyright notice ©2015
300 ## - PHYSICAL DESCRIPTION
Extent 151 pages :
Other physical details illustrations ;
Dimensions 21 cm
336 ## - CONTENT TYPE
Source rdacontent
Content type term text
337 ## - MEDIA TYPE
Source rdamedia
Media type term unmediated
338 ## - CARRIER TYPE
Source rdacarrier
Carrier type term volume
490 1# - SERIES STATEMENT
Series statement Guo ji da jiang xiao shuo. Zhu yin ban
500 ## - GENERAL NOTE
General note "日本学校图书馆协议会选定图书"--Cover
546 ## - LANGUAGE NOTE
Language note Parallel text in Chinese and Hanyu Pinyin.
650 10 - SUBJECT ADDED ENTRY--TOPICAL TERM
Topical term or geographic name entry element Children's stories, Chinese
Form subdivision Translations from English
Topical term or geographic name entry element Chinese fiction
700 1# - ADDED ENTRY--PERSONAL NAME
Personal name Sui, Rongyi,
Relator term translator.
Personal name Duan, Lixin,
Relator term adaptor.
830 #0 - SERIES ADDED ENTRY--UNIFORM TITLE
Uniform title Guo ji da jiang xiao shuo. Zhu yin ban
880 1# - ALTERNATE GRAPHIC REPRESENTATION
Linkage 100-01
a 英国比尔 ,
d 1930-
e author.
Linkage 245-02
a 五毛钱的愿望 = The wish giver
c (美)比尔·布里坦著 ; (美)安德鲁·格拉斯绘 ; 隋荣谊译 ; 段立欣改编
942 ## - ADDED ENTRY ELEMENTS (KOHA)
Source of classification or shelving scheme Dewey Decimal Classification
Koha item type Book
Holdings
Withdrawn Not for loan Current library Shelving location Date acquired Total Checkouts Total Renewals Full call number Barcode Date last seen Date last checked out Koha item type
    Perpustakaan Alor Setar Pinjaman Kanak-kanak 03/09/2020 8 1 K 813.54 BRI A01646182 30/04/2026 11/04/2026 Book
    Perpustakaan Awam Sungai Petani Pinjaman Kanak-kanak 03/09/2020 4   K 813.54 BRI A01646183 19/10/2024 28/09/2024 Book